00924 2200337 4500001002100000005001500021035002000036007000300056040001700059100003400076245007300110250001000183300002900193020002200222041000800244082001000252084001600262090001400278264003400292336002100326337003000347338002300377650001300400850001000413008004100423700003100464504002500495990002200520990002200542990002200564INLIS00000000000936020260421024902 a0010-1122000319ta aSBPUPADbind0 aDenik Ristya Rini;ePengarang1 aDompet Rajut Kepala Bintang /cDenik Ristya Rini; Editor; Berliyandy aCet.1 a88 hlm. :bilus. ;c21cm a978-602-9186-35-20 bind a746.4 a746.4 DEN d a813 KIK s aSurabaya :bTiara Aksa,c2012 2rdacontentateks 2rdamediaatanpa perantara 2rdacarrieravolume 4akesenian aPUPAD260421 0  aBerliyandy T.R;ePengarang abibiliografi, hlm 88 a35/526/S/DPK/2021 a35/529/S/DPK/2021 a35/528/S/DPK/2021